000 00222nam a22001097a 4500
999 _c65124
_d65121
082 _a297.922R A H
100 _aA.Rahman
245 _aThe Eternal message of Muhammad
260 _aNew York
300 _a289p
942 _cBK